| 000 | 00617 a2200169 4500 | ||
|---|---|---|---|
| 020 | _a0071145052 | ||
| 020 | _a9780071145053 | ||
| 090 |
_c2230 _d2230 |
||
| 100 | 1 | _aMeigs, Robert; Wittington, Ray. | |
| 245 | 1 | 0 |
_aAccounting : _bthe basis for business decisions / _cRobert; Wittington, Ray Meigs. |
| 260 |
_a[S.l.] : _bMcgraw-Hill College, _c1995. |
||
| 300 | _a1280 p. | ||
| 500 | _aPaperback. | ||
| 856 | 4 | 0 |
_3Amazon.com _uhttp://www.amazon.com/exec/obidos/ASIN/0071145052/chopaconline-20 |
| 856 | 4 | 0 |
_3Amazon customer reviews _uhttp://www.chopac.org/cgi-bin/tools/azrev.pl?q=0071145052 |
| 942 |
_aNBS _cBK _k657 MEI |
||
| 999 |
_c344732 _d344732 |
||